|
|
|
|
| LEADER |
03325nam a2200601 4500 |
| 001 |
978-3-030-01141-3 |
| 003 |
DE-He213 |
| 005 |
20191026232505.0 |
| 007 |
cr nn 008mamaa |
| 008 |
181001s2018 gw | s |||| 0|eng d |
| 020 |
|
|
|a 9783030011413
|9 978-3-030-01141-3
|
| 024 |
7 |
|
|a 10.1007/978-3-030-01141-3
|2 doi
|
| 040 |
|
|
|d GrThAP
|
| 050 |
|
4 |
|a QA76.9.A25
|
| 072 |
|
7 |
|a UR
|2 bicssc
|
| 072 |
|
7 |
|a COM053000
|2 bisacsh
|
| 072 |
|
7 |
|a UR
|2 thema
|
| 072 |
|
7 |
|a UTN
|2 thema
|
| 082 |
0 |
4 |
|a 005.8
|2 23
|
| 245 |
1 |
0 |
|a Security and Trust Management
|h [electronic resource] :
|b 14th International Workshop, STM 2018, Barcelona, Spain, September 6-7, 2018, Proceedings /
|c edited by Sokratis K. Katsikas, Cristina Alcaraz.
|
| 250 |
|
|
|a 1st ed. 2018.
|
| 264 |
|
1 |
|a Cham :
|b Springer International Publishing :
|b Imprint: Springer,
|c 2018.
|
| 300 |
|
|
|a VII, 139 p. 19 illus.
|b online resource.
|
| 336 |
|
|
|a text
|b txt
|2 rdacontent
|
| 337 |
|
|
|a computer
|b c
|2 rdamedia
|
| 338 |
|
|
|a online resource
|b cr
|2 rdacarrier
|
| 347 |
|
|
|a text file
|b PDF
|2 rda
|
| 490 |
1 |
|
|a Security and Cryptology ;
|v 11091
|
| 505 |
0 |
|
|a Cryptosystems and Applied Cryptography -- Modelling and Risk Assessment -- Trust Computing.
|
| 520 |
|
|
|a This book constitutes the proceedings of the 14th International Workshop on Security and Trust Management, STM 2018, held in Barcelona, Spain, in September 2018, and co-located with the 23rd European Symposium Research in Computer Security, ESORICS 2018. The 8 full papers were carefully reviewed and selected from 28 submissions. The focus of the workshop was on the following topics: cryptosystems and applied cryptography; modeling and risk assessment; and trust computing.
|
| 650 |
|
0 |
|a Computer security.
|
| 650 |
|
0 |
|a Software engineering.
|
| 650 |
|
0 |
|a Computer communication systems.
|
| 650 |
|
0 |
|a Computer logic.
|
| 650 |
|
0 |
|a Application software.
|
| 650 |
|
0 |
|a Computers.
|
| 650 |
1 |
4 |
|a Systems and Data Security.
|0 http://scigraph.springernature.com/things/product-market-codes/I28060
|
| 650 |
2 |
4 |
|a Software Engineering.
|0 http://scigraph.springernature.com/things/product-market-codes/I14029
|
| 650 |
2 |
4 |
|a Computer Communication Networks.
|0 http://scigraph.springernature.com/things/product-market-codes/I13022
|
| 650 |
2 |
4 |
|a Logics and Meanings of Programs.
|0 http://scigraph.springernature.com/things/product-market-codes/I1603X
|
| 650 |
2 |
4 |
|a Information Systems Applications (incl. Internet).
|0 http://scigraph.springernature.com/things/product-market-codes/I18040
|
| 650 |
2 |
4 |
|a Computing Milieux.
|0 http://scigraph.springernature.com/things/product-market-codes/I24008
|
| 700 |
1 |
|
|a Katsikas, Sokratis K.
|e editor.
|0 (orcid)0000-0003-2966-9683
|1 https://orcid.org/0000-0003-2966-9683
|4 edt
|4 http://id.loc.gov/vocabulary/relators/edt
|
| 700 |
1 |
|
|a Alcaraz, Cristina.
|e editor.
|0 (orcid)0000-0003-0545-3191
|1 https://orcid.org/0000-0003-0545-3191
|4 edt
|4 http://id.loc.gov/vocabulary/relators/edt
|
| 710 |
2 |
|
|a SpringerLink (Online service)
|
| 773 |
0 |
|
|t Springer eBooks
|
| 776 |
0 |
8 |
|i Printed edition:
|z 9783030011406
|
| 776 |
0 |
8 |
|i Printed edition:
|z 9783030011420
|
| 830 |
|
0 |
|a Security and Cryptology ;
|v 11091
|
| 856 |
4 |
0 |
|u https://doi.org/10.1007/978-3-030-01141-3
|z Full Text via HEAL-Link
|
| 912 |
|
|
|a ZDB-2-SCS
|
| 912 |
|
|
|a ZDB-2-LNC
|
| 950 |
|
|
|a Computer Science (Springer-11645)
|